000 00512nam a2200181Ia 4500
005 20250508155239.0
008 008 250505s9999 xx 000 0 eng d
037 _aBooks to be hide in OPAC
040 _aFEDL
_beng
_cFEDL
041 _aeng
_2eng
084 _a378.155 2, CAL/O
_qFEDL
245 4 _aThe junior college story
245 0 _cBureau of Junior College Ceneral Education
260 _c1966
300 _aviii,15p.
942 _cHB
_h378.155 2, CAL/O
999 _c1355489
_d1355489